| 000 | nam a22 4500 | ||
|---|---|---|---|
| 999 |
_c28394 _d28394 |
||
| 008 | 170302b xxu||||| |||| 00| 0 eng d | ||
| 020 | _a9780324582031 | ||
| 020 | _a03245820X | ||
| 050 | _aHF 5415 .K87 2010 | ||
| 100 | _aKurtz, David L. | ||
| 245 |
_aContemporary marketing/ _cDavid L. Kurtz |
||
| 260 |
_aMason, OH : _bSouth-Western Cengage Learning, _c©2010. |
||
| 300 |
_axxxii, 670p. VC-18, A-38, N-14, G-14, I-30. : _bcol. ill. ; _c 29 cm. |
||
| 650 | _aMarketing. | ||
| 942 |
_2lcc _cBOOKS _hHF 5415 .K87 2010 |
||